000 01332cgm a2200277 4500
008 090401t1992 xxu||||| |||| 00| 0 eng d
020 _a0947763554
035 _a(Sirsi) u61066
041 _aeng
041 _aeng
050 _a711.1
_c18
100 _aBather, Nicholas John
245 _aPlanning appeals
_ba CPD study pack
260 _aReading
_bCollege of Estate Management
_c1992
300 _av, 48p.
_c30cm. + 1 audio cassette (ca. 60 min.)
350 _a30
490 _aCollege of Estate Management CPD Study Pack
520 _aThis pack details the whole course of the planning appeals process, incorporating the most recent legislation and regulations covering procedural matters. The author, a former member of the Department of the Environment Inspectorate, draws upon direct practical experience to review outstanding examples of planning appeals decisions, together with the implicationsthese have for developers, landowners and planning authorities.
520 _aAccompanied by Owlion Audio Programme" entitled "Planning applications and appeals no.2" which is available to borrow seperately (B3204).
650 _aPLANNING APPEALS
650 _aPLANNING APPLICATIONS
690 _aPLANNING LAW AND PRACTICE
710 _aCollege of Estate Management
_9400
942 _n0
948 _c04/03/1997
999 _c85319
_d85319